000 03717nam a22003857a 4500
005 20120817150356.0
010 _aB-461462-476
020 _a9788126903146
_c495.00
035 _aB-461462-476
037 _adpl
_bVirtuous Pub/Ven
082 _a954.0842
100 _aPandey, Bishwa mohan
_951542
245 _aHistoriography of India's Partition;
_ban analysis of Imperialist writings/
_cby Bishwa Mohan Pandey
260 _aNew Delhi
_bAtlantic Publishers and distributors
_c2003
270 _aB-2 Vishal Enclv. Opp. Rajouri garden
_bNew Delhi
300 _a238p.
_c23cm(Hb)
500 _ait includes bibliography, index and important dates and events.
942 _2ddc
_cEN
_mPAN
_h954.0842
999 _c69109
_d69109